| 000 | 01524nam a2200421 a 4500 | ||
|---|---|---|---|
| 001 | 21772 | ||
| 003 | VRT | ||
| 005 | 20260309143012.0 | ||
| 008 | 151112s2008 xo a b 000 1 slo | ||
| 015 | _aSNBA2008/08-03435 | ||
| 020 | _a9788089242726 (viaz.) | ||
| 035 | _a0E9B38BE-E6E9-4C91-BE13-29134E3A8DB0 | ||
| 035 | _aurn:nbn:sk:snk-amjvl2 | ||
| 035 | _aurn:nbn:sk:snk-am0080lv | ||
| 039 | 9 |
_a202403131542 _bAUTHORITY _c201706201347 _dAUTHORITY _c201706201343 _dAUTHORITY _c201706201341 _dAUTHORITY |
|
| 040 |
_aSKPK _bslo _cSKPK _dSNK _eAACR2 |
||
| 041 | 1 |
_aslo _hhun |
|
| 044 |
_axo _cSK |
||
| 072 | 7 |
_a821-93 _xLiteratúra pre deti a mládež _2konspekt |
|
| 080 |
_a821-93 _22001 |
||
| 080 |
_a821.511.141 _22001 |
||
| 100 | 1 |
_aHajnal, Eszes _c(ilustrátorka) _4aut _4ill |
|
| 240 | 1 | 0 |
_aCicakaland a városban _lSlovensky |
| 245 | 1 | 0 |
_aMačacie dobrodružstvá v meste _c[preklad Zlatica Wolfová ; ilustrácie Hajnal Eszes, Tibor Tamás Salfai] |
| 250 | _a1. slov. vyd. | ||
| 260 |
_aBratislava _bSlovart Print _c2008 |
||
| 300 |
_a95 s. _bfareb. ilustr. _c27 cm |
||
| 655 | 7 |
_amaďarské rozprávky _2SNKPH |
|
| 655 | 7 |
_apublikácie pre deti _2SNKPH |
|
| 700 | 1 |
_aWolfová, Zlatica _4trl |
|
| 700 | 1 |
_aSalfai, Tibor Tamás _4ill |
|
| 942 |
_2ddc _cKLDE _n0 |
||
| 949 |
_617A0595542 _asnkSB 76415 _bsnk2008/14791 _o1618/08 _s6100:20140925 |
||
| 949 |
_617A0595569 _asnkSB 76415 D1 _bsnk2008/14792 _o1618/08 |
||
| 949 |
_63869A09889 _abpksh821-93 _bbpksh57385 |
||
| 980 | _a821.511.141-93 | ||
| 980 | _a821.511.141-34 | ||
| 999 |
_c21772 _d21772 |
||